000 00657nam a2200205 4500
001 117052
003 ES-MaACL
005 20230906190823.0
007 t|
008 070228s1978 sp r ||||1| spa d
100 1 _aPassmore, John.
_989455
245 1 3 _aLa responsabilidad del hombre frente a la naturaleza
_b: ecología y tradiciones en Occidente /
_cJohn Passmore ; versión Alvaro Delgado.
260 _aMadrid :
_bAlianza,
_c1978.
300 _a237 p. ;
_c20 cm.
490 1 _aAlianza universidad
700 1 _aDelgado, Alvaro.
_9186390
830 0 _aAlianza universidad
_9177276
852 _aES-MaACL
_jA-10206
_bR.98618
999 _c117052
_d117052